<?xml version="1.0" encoding="UTF-8"?>
<record
    xmlns:xsi="http://www.w3.org/2001/XMLSchema-instance"
    xsi:schemaLocation="http://www.loc.gov/MARC21/slim http://www.loc.gov/standards/marcxml/schema/MARC21slim.xsd"
    xmlns="http://www.loc.gov/MARC21/slim">

  <leader>01359nrm a2200253 i 4500</leader>
  <controlfield tag="001">BR3171000001190058</controlfield>
  <controlfield tag="005">20260420112152.0</controlfield>
  <controlfield tag="008">260420t20152012gw     |     ||   gnzxx||</controlfield>
  <datafield tag="024" ind1=" " ind2=" ">
    <subfield code="2">EAN</subfield>
    <subfield code="c">859022810835</subfield>
  </datafield>
  <datafield tag="040" ind1=" " ind2=" ">
    <subfield code="a">ABG508</subfield>
    <subfield code="b">cze</subfield>
    <subfield code="e">rda</subfield>
  </datafield>
  <datafield tag="100" ind1="1" ind2=" ">
    <subfield code="a">Rejchtman, Grzegorz</subfield>
    <subfield code="4">aut</subfield>
    <subfield code="9">6369</subfield>
  </datafield>
  <datafield tag="245" ind1="1" ind2="0">
    <subfield code="a">Ubongo! Lines</subfield>
    <subfield code="c">Grzegorz Rejchtman</subfield>
  </datafield>
  <datafield tag="260" ind1=" " ind2=" ">
    <subfield code="b">Albi</subfield>
    <subfield code="c">2025</subfield>
  </datafield>
  <datafield tag="300" ind1=" " ind2=" ">
    <subfield code="a">1 hra</subfield>
  </datafield>
  <datafield tag="500" ind1=" " ind2=" ">
    <subfield code="a">Pro 1 - 4 hr&#xE1;&#x10D;e</subfield>
  </datafield>
  <datafield tag="500" ind1=" " ind2=" ">
    <subfield code="a">Vhodn&#xE9; od 8 let</subfield>
  </datafield>
  <datafield tag="500" ind1=" " ind2=" ">
    <subfield code="a">Doba trv&#xE1;n&#xED;: 25min</subfield>
  </datafield>
  <datafield tag="520" ind1=" " ind2=" ">
    <subfield code="a">Rodinn&#xE1; hra Ubongo v nov&#xE9; variant&#x11B; s obd&#xE9;ln&#xED;kov&#xFD;mi trojrozm&#x11B;rn&#xFD;mi d&#xED;lky, 324 zad&#xE1;n&#xED;mi a &#x10D;ty&#x159;mi stupni obt&#xED;&#x17E;nosti.

Sv&#x11B;tov&#xFD; bestseller v dal&#x161;&#xED; variant&#x11B;! Obd&#xE9;ln&#xED;kov&#xE9; trojrozm&#x11B;rn&#xE9; d&#xED;lky nab&#xED;z&#xED; nov&#xFD; hern&#xED; z&#xE1;&#x17E;itek. Ka&#x17E;d&#xFD; hr&#xE1;&#x10D; m&#xE1; svoji barevnou sadu d&#xED;lk&#x16F;, se kter&#xFD;mi sestavuje tvar vyobrazen&#xFD; na kart&#x11B; a za odm&#x11B;nu z&#xED;sk&#xE1;v&#xE1; diamanty.

Ubongo Lines! obsahuje 324 zad&#xE1;n&#xED; se 4 &#xFA;rovn&#x11B;mi obt&#xED;&#x17E;nosti, m&#xE1; velmi jednoduch&#xE1; pravidla (kter&#xE1; se nau&#x10D;&#xED;te za 3 minuty) a rozv&#xED;j&#xED; prostorovou p&#x159;edstavivost.</subfield>
  </datafield>
  <datafield tag="653" ind1=" " ind2=" ">
    <subfield code="a">spole&#x10D;ensk&#xE9; hry</subfield>
    <subfield code="a">logick&#xE9; hry</subfield>
    <subfield code="a">rodinn&#xE9; hry</subfield>
    <subfield code="a">my&#x161;len&#xED;</subfield>
    <subfield code="a">post&#x159;eh</subfield>
    <subfield code="a">od 7 let</subfield>
  </datafield>
  <datafield tag="655" ind1=" " ind2="4">
    <subfield code="a">deskov&#xE9; hry</subfield>
    <subfield code="9">3815</subfield>
  </datafield>
  <datafield tag="856" ind1=" " ind2=" ">
    <subfield code="3">Pravidla hry</subfield>
    <subfield code="u">https://www.knihovna.roztoky.cz/cgi-bin/koha/opac-retrieve-file.pl?id=b0e8f3363f63b935cae505cac40f2a53</subfield>
  </datafield>
  <datafield tag="910" ind1=" " ind2=" ">
    <subfield code="a">ABG508</subfield>
  </datafield>
  <datafield tag="952" ind1=" " ind2=" ">
    <subfield code="1">0</subfield>
    <subfield code="2">udc</subfield>
    <subfield code="4">0</subfield>
    <subfield code="0"></subfield>
  </datafield>
  <datafield tag="999" ind1=" " ind2=" ">
    <subfield code="c">34196</subfield>
    <subfield code="d">34196</subfield>
  </datafield>
</record>
